000 00305nam a2200121Ia 4500
008 191201s2010 xx 000 0 und d
100 _aSILBERSCHATZ, Abraham
245 0 _aOperating Systems Concepts
260 _c2010
_bWiley Dreautech India
_aN. Delhi
300 _a972
650 _aCSE
942 _2ddc
_cBB
999 _c7720
_d7720